000 00491nam a2200193Ia 4500
003 OSt
005 20240527101846.0
008 210210b1981 xxu||||| |||| 00| 0 eng d
040 _cAL
041 _aKannada
082 _aK894.3 SAYG
100 _aSAYISUTE.
_989367
_dಸಾಯಿಸುತೆ
245 _aGiridhara.
_b ಗಿರಿಧರ
260 _aBengaluru
_bVasavamba Prakashana
_c1981
300 _a316
690 _aKannada Fiction
_989368
906 _a035404
942 _2ddc
_cBK
999 _c86112
_d86112